Provinces of the Yuan Dynasty in 1330 - Map Quiz - Statistics

General Stats
  • This quiz has been taken 218 times
  • The average score is 6 of 11
Answers on the Map
Answers color-coded by a green-red scale on the quiz's map according to % correct below.
 
Answer Stats
Answer % Correct
Yunnan
78%
Gansu
73%
Sichuan
67%
Shaanxi
63%
Jiangxi
51%
Henan-Jiangbei
50%
Huguang
48%
Liaoyang
39%
Zhengdong
39%
Lingbei
37%
Jiangzhe
28%
No matching quizzes found
Score Distribution
Percent of People with Each Score
Percentile by Number Answered
Your Score History
You have not taken this quiz